[Event "ESP-chT CECLUB Permanencia-1 Div 1"]
[Site "Sabadell"]
[Date "2011.09.03"]
[Round "1.4"]
[White "Castellet Giralt, Gabriel"]
[Black "Zarzo Lopez, Tomas"]
[Result "0-1"]
[WhiteElo "2224"]
[BlackElo "2297"]
[PlyCount "112"]
[EventDate "2011.09.03"]
[EventType "team-match"]
[EventRounds "2"]
[EventCountry "ESP"]
[SourceTitle "CBM 144 Extra"]
[Source "ChessBase"]
[SourceDate "2011.10.28"]
[SourceVersion "1"]
[SourceVersionDate "2011.10.28"]
[SourceQuality "1"]
[WhiteTeam "Cerdanyola Valles"]
[BlackTeam "Merida"]
[WhiteTeamCountry "ESP"]
[BlackTeamCountry "ESP"]

1. e4 e6 2. d4 d5 3. Nc3 Bb4 4. exd5 exd5 5. Bd3 Nc6 6. a3 Bxc3+ 7. bxc3 Nge7 8. Qh5 g6 9. Qf3 Bf5 10. Rb1 b6 11. Ne2 Qd7 12. Bb2 Bxd3 13. cxd3 Qf5 14. Qe3 0-0-0 15. 0-0 Rhe8 16. Qd2 Na5 17. Qc2 h5 18. Ng3 Qd7 19. Rfe1 h4 20. Nf1 h3 21. g3 Nf5 22. f3 f6 23. Rbd1 Kb8 24. Bc1 Qc6 25. Ne3 Nxe3 26. Bxe3 Re6 27. Kf2 Rde8 28. Rc1 g5 29. Bd2 Rxe1 30. Rxe1 Rxe1 31. Bxe1 Qd6 32. Qa4 Nc6 33. Qb3 Kb7 34. Bd2 Qe6 35. Qd1 Qf5 36. Be3 Ne7 37. c4 Qe6 38. f4 g4 39. c5 Nf5 40. Qc1 bxc5 41. dxc5 Kc6 42. Bd2 Nd4 43. Qd1 Kd7 44. Qa4+ Nc6 45. Bc3 d4 46. Bxd4 Qd5 47. Bxf6 Qxd3 48. f5 Qf3+ 49. Ke1 Qh1+ 50. Kd2 Qxh2+ 51. Kc1 Qg1+ 52. Kb2 Qf2+ 53. Kc1 Qxc5+ 54. Kb2 Qf2+ 55. Kb3 Qf3+ 56. Bc3 Qd1+ 0-1

[Event "EU-Cup 24th"]
[Site "Kallithea"]
[Date "2008.10.22"]
[Round "6"]
[White "Zarzo Lopez, Tomas"]
[Black "McPhillips, Karl"]
[Result "1-0"]
[WhiteElo "2281"]
[BlackElo "2222"]
[PlyCount "107"]
[EventDate "2008.10.17"]
[EventType "team-swiss"]
[EventRounds "7"]
[EventCountry "GRE"]
[SourceTitle "CBM 127"]
[Source "ChessBase"]
[SourceDate "2008.11.13"]
[SourceVersion "1"]
[SourceVersionDate "2008.11.13"]
[SourceQuality "1"]
[WhiteTeam "Merida Patrimonio"]
[BlackTeam "Belfast"]
[WhiteTeamCountry "ESP"]
[BlackTeamCountry "IRL"]

1. Nf3 Nf6 2. c4 e6 3. Nc3 Bb4 4. g3 0-0 5. Bg2 d5 6. a3 Bd6 7. d4 c6 8. b3 Nbd7 9. 0-0 Rb8 10. Qd3 Re8 11. Bf4 Bxf4 12. gxf4 Nf8 13. e3 Ng6 14. c5 Ng4 15. Ne5 Nh6 16. Kh1 Nh4 17. Rg1 f6 18. Nf3 Ng6 19. Qd2 b6 20. cxb6 Rxb6 21. b4 e5 22. dxe5 fxe5 23. fxe5 Nxe5 24. Nxe5 Rxe5 25. Qd4 Qf8 26. Qxe5 Ng4 27. Bxd5+ cxd5 28. Rxg4 Bxg4 29. Qxd5+ Kh8 30. f4 Rg6 31. Rf1 h5 32. Ne4 Be6 33. Qe5 Qd8 34. f5 Qd3 35. Rg1 Rxg1+ 36. Kxg1 Qxe3+ 37. Kg2 Qe2+ 38. Kg3 Qg4+ 39. Kf2 Qxf5+ 40. Qxf5 Bxf5 41. Nd6 Bd7 42. h4 Kg8 43. Ke3 Kf8 44. Kf4 Ke7 45. Nf5+ Kf6 46. Nd4 Bg4 47. b5 Bd7 48. a4 Be8 49. a5 Bf7 50. Nc6 Bd5 51. Nxa7 Ke6 52. Kg5 Kd7 53. Kxh5 Ke7 54. Kg6 1-0

[Event "EU-Cup 24th"]
[Site "Kallithea"]
[Date "2008.10.18"]
[Round "2"]
[White "Zarzo Lopez, Tomas"]
[Black "Ledger, Andrew"]
[Result "0-1"]
[WhiteElo "2281"]
[BlackElo "2429"]
[PlyCount "48"]
[EventDate "2008.10.17"]
[EventType "team-swiss"]
[EventRounds "7"]
[EventCountry "GRE"]
[SourceTitle "CBM 127"]
[Source "ChessBase"]
[SourceDate "2008.11.13"]
[SourceVersion "1"]
[SourceVersionDate "2008.11.13"]
[SourceQuality "1"]
[WhiteTeam "Merida Patrimonio"]
[BlackTeam "Betsson.com"]
[WhiteTeamCountry "ESP"]
[BlackTeamCountry "ENG"]

1. d4 Nf6 2. c4 g6 3. Nc3 d5 4. Bf4 Bg7 5. e3 0-0 6. Rc1 c5 7. dxc5 Be6 8. Nf3 Nc6 9. Ng5 Qa5 10. Qa4 Qxa4 11. Nxa4 Bd7 12. Nc3 e5 13. Bg3 d4 14. Nd5 h6 15. Nxf6+ Bxf6 16. Ne4 Be7 17. f4 f5 18. Nd6 dxe3 19. h4 b6 20. Be2 bxc5 21. Nb5 Rab8 22. b3 Nd4 23. Rf1 e4 24. Rc3 Bf6 0-1

[Event "Manises 1st"]
[Site "Manises"]
[Date "2004.06.16"]
[Round "6"]
[White "Zarzo Lopez, Tomas"]
[Black "Garcia Fernandez, Carlos"]
[Result "1/2-1/2"]
[WhiteElo "258"]
[BlackElo "2370"]
[PlyCount "82"]
[EventDate "2004.06.11"]
[EventType "tourn"]
[EventRounds "9"]
[EventCountry "ESP"]
[EventCategory "2"]
[SourceTitle "CBM 100 Extra"]
[Source "ChessBase"]
[SourceDate "2004.07.06"]
[SourceVersion "2"]
[SourceVersionDate "2004.07.06"]
[SourceQuality "1"]

1. d4 d6 2. Nf3 Nd7 3. e4 e5 4. Bc4 c6 5. 0-0 Be7 6. dxe5 dxe5 7. Ng5 Bxg5 8. Qh5 Qe7 9. Qxg5 Ngf6 10. Qxg7 Rg8 11. Qh6 Nxe4 12. Nc3 Rg6 13. Qe3 Nd6 14. Bd3 f5 15. Re1 b6 16. f4 e4 17. Be2 Nf6 18. Qd4 Be6 19. Qa4 Bd7 20. Be3 Kf7 21. Rad1 c5 22. Nb5 Nxb5 23. Bxb5 Bxb5 24. Qxb5 Rag8 25. Re2 Kg7 26. b3 Kh8 27. Qc4 Qg7 28. g3 Rxg3+ 29. hxg3 Qxg3+ 30. Kf1 Qf3+ 31. Ke1 Qh1+ 32. Kd2 Rd8+ 33. Bd4 e3+ 34. Kc1 Qxd1+ 35. Kxd1 Rxd4+ 36. Qxd4 cxd4 37. Rg2 h6 38. Ke2 Nd5 39. Kf3 Kh7 40. Rg1 Nc3 41. a4 a5 1/2-1/2

[Event "ESP-ch op 68th"]
[Site "Burgos"]
[Date "2003.11.01"]
[Round "9"]
[White "Roa Alonso, Santiago"]
[Black "Zarzo Lopez, Tomas"]
[Result "1/2-1/2"]
[WhiteElo "2352"]
[BlackElo "2249"]
[PlyCount "33"]
[EventDate "2003.10.24"]
[EventType "swiss"]
[EventRounds "9"]
[EventCountry "ESP"]
[SourceTitle "EXT 2004"]
[Source "ChessBase"]
[SourceDate "2003.11.25"]
[SourceVersion "1"]
[SourceVersionDate "2003.11.25"]
[SourceQuality "1"]

1. e4 c5 2. Nf3 e6 3. d4 cxd4 4. Nxd4 a6 5. Nc3 Qc7 6. g3 Nf6 7. Bg2 Be7 8. 0-0 d6 9. a4 Nc6 10. Nde2 b6 11. b3 Bb7 12. Bb2 h5 13. h3 Ne5 14. Nd4 Rc8 15. Qe2 Qc5 16. Rad1 g5 17. Qe3 1/2-1/2

[Event "ESP-ch op 68th"]
[Site "Burgos"]
[Date "2003.10.25"]
[Round "2"]
[White "Zarzo Lopez, Tomas"]
[Black "Mellado Trivino, Juan"]
[Result "1/2-1/2"]
[WhiteElo "2249"]
[BlackElo "2430"]
[PlyCount "100"]
[EventDate "2003.10.24"]
[EventType "swiss"]
[EventRounds "9"]
[EventCountry "ESP"]
[SourceTitle "EXT 2004"]
[Source "ChessBase"]
[SourceDate "2003.11.25"]
[SourceVersion "1"]
[SourceVersionDate "2003.11.25"]
[SourceQuality "1"]

1. Nf3 d5 2. d4 Nf6 3. c4 c6 4. cxd5 cxd5 5. Nc3 Nc6 6. Bf4 e6 7. e3 Bd6 8. Bxd6 Qxd6 9. Bd3 0-0 10. 0-0 a6 11. a3 e5 12. dxe5 Nxe5 13. Be2 Rd8 14. Nxe5 Qxe5 15. Qd4 Qxd4 16. exd4 Ne4 17. Rac1 Nd2 18. Rfe1 Bf5 19. Rcd1 Ne4 20. Rc1 Rac8 21. Nb1 Kf8 22. Red1 Ke7 23. Re1 Kf6 24. g4 Be6 25. f3 Nd6 26. b3 h5 27. h3 hxg4 28. hxg4 g5 29. Nc3 Rc6 30. Na2 Rdc8 31. Rxc6 Rxc6 32. Rc1 Rxc1+ 33. Nxc1 Bd7 34. Kf2 Bb5 35. a4 Bxe2 36. Kxe2 a5 37. Kd3 Ke6 38. Ne2 f5 39. Nc3 fxg4 40. fxg4 Ne8 41. Nd1 Nf6 42. Nf2 Kd6 43. Ke3 b5 44. Kd3 bxa4 45. bxa4 Nd7 46. Nh3 Nb6 47. Nxg5 Nxa4 48. Nf3 Nb2+ 49. Kc3 Nc4 50. Kb3 Ke6 1/2-1/2

[Event "Almendralejo Honor tt"]
[Site "Almendralejo"]
[Date "2003.02.01"]
[Round "2.1"]
[White "Cabezas Ayala, Ivan"]
[Black "Zarzo Lopez, Tomas"]
[Result "1-0"]
[WhiteElo "2317"]
[BlackElo "2274"]
[PlyCount "89"]
[EventDate "2003.01.25"]
[EventType "team"]
[EventRounds "9"]
[EventCountry "ESP"]
[SourceTitle "EXT 2004"]
[Source "ChessBase"]
[SourceDate "2003.11.25"]
[SourceVersion "1"]
[SourceVersionDate "2003.11.25"]
[SourceQuality "1"]

1. e4 c5 2. Nf3 d6 3. d4 cxd4 4. Nxd4 Nf6 5. Nc3 Nc6 6. Be2 e6 7. 0-0 Be7 8. Be3 0-0 9. f4 Bd7 10. Nb3 a6 11. g4 b5 12. g5 Ne8 13. Bd3 b4 14. Ne2 e5 15. h4 exf4 16. Nxf4 Nc7 17. Qe1 a5 18. Qg3 a4 19. Nd2 Ne5 20. Nc4 Nxd3 21. cxd3 Bc6 22. Rac1 Bb7 23. Bb6 Ra6 24. Qf2 Qb8 25. Bxc7 Qxc7 26. Ne3 Qa5 27. Nfd5 Bd8 28. Kg2 Qb5 29. Rc4 Ba5 30. Qf5 Qe8 31. Nxb4 Ra8 32. Nbd5 Ba6 33. Ng4 Bd8 34. Rc3 Rb8 35. Rf2 Bb5 36. Kh1 Bd7 37. Qf4 Qe6 38. Nde3 Ba5 39. Rc4 Bb5 40. Rd4 Qxa2 41. Nd5 Qb1+ 42. Kh2 Bxd3 43. Nh6+ Kh8 44. Nxf7+ Rxf7 45. Qxf7 1-0

[Event "ESP-chT2"]
[Site "Vila Real"]
[Date "2001.08.16"]
[Round "4"]
[White "Piay Augusto, Diego"]
[Black "Zarzo Lopez, Tomas"]
[Result "1-0"]
[WhiteElo "2270"]
[BlackElo "2271"]
[PlyCount "43"]
[EventDate "2001.08.13"]
[EventType "team"]
[EventRounds "7"]
[EventCountry "ESP"]
[SourceTitle "EXT 2002"]
[Source "ChessBase"]
[SourceDate "2001.11.25"]
[SourceVersion "1"]
[SourceVersionDate "2001.11.25"]
[SourceQuality "1"]

1. e4 e5 2. d4 exd4 3. c3 d3 4. Bxd3 d6 5. Nf3 Nf6 6. h3 Be7 7. 0-0 0-0 8. Bf4 Nc6 9. Nbd2 Nd7 10. Nc4 Bf6 11. Bc2 Nce5 12. Ne3 Nxf3+ 13. Qxf3 Be5 14. Bxe5 dxe5 15. Qg3 Re8 16. Rad1 h6 17. f4 c6 18. Nf5 Qf6 19. fxe5 Qg5 20. Qxg5 hxg5 21. Nd6 Re7 22. Nxf7 1-0

[Event "ESP-chT"]
[Site "Cala Galdana"]
[Date "1994.??.??"]
[Round "?"]
[White "Zarzo Lopez, Tomas"]
[Black "Rogers, Ian"]
[Result "0-1"]
[WhiteElo "2285"]
[BlackElo "2565"]
[PlyCount "40"]
[EventDate "1994.??.??"]
[EventType "team"]
[EventRounds "9"]
[EventCountry "ESP"]
[SourceTitle "EXT 1997"]
[Source "ChessBase"]
[SourceDate "1996.11.15"]
[SourceVersion "1"]
[SourceVersionDate "1996.11.15"]
[SourceQuality "1"]

1. d4 Nf6 2. Nf3 c5 3. c4 cxd4 4. Nxd4 e5 5. Nb5 d5 6. cxd5 Bc5 7. e3 0-0 8. Be2 e4 9. a3 Nxd5 10. Qc2 Qe7 11. b4 Bb6 12. Bb2 Nc6 13. N1c3 Nf6 14. Rd1 Bf5 15. g4 Nxg4 16. Rg1 Nge5 17. Nxe4 Bg6 18. Nbc3 Rfe8 19. Qb3 Qh4 20. Nd6 Bxe3 0-1